| 000 | 01056nam a22003017a 4500 | ||
|---|---|---|---|
| 003 | CHAP | ||
| 005 | 20220329140331.0 | ||
| 008 | 971013s1977 r 00010 d | ||
| 010 | _a50572 | ||
| 011 | _a51544 | ||
| 035 | _a55694 | ||
| 040 | _cCHAP | ||
| 082 |
_a323.35 _bP5 |
||
| 110 |
_aPlan Tezontla. México _988680 |
||
| 245 | _aInforme del trabajo desarrollado por el equipo del Plan Tezontla durante 1976 | ||
| 260 |
_aChapingo, Méx. : _bENA. Colegio de Postgraduados. Rama de Divulgación, _c1977 |
||
| 300 | _a165 h. | ||
| 590 |
_aBATCH-UPD _b10 _c20130110 _lUCH01 _h1658 |
||
| 590 |
_aBATCH-UPD _b10 _c20130410 _lUCH01 _h1046 |
||
| 590 |
_aBATCH-UPD _b10 _c20130914 _lUCH01 _h1146 |
||
| 590 |
_aCONVERSION _b10 _c20130109 _lUCH01 _h1327 |
||
| 650 | 1 | 4 |
_aDesarrollo de la comunidad rural _zMéxico (Edo.). _932042 |
| 650 | 1 | 4 |
_aExtensión agrícola _xMéxico (Edo.) _939174 |
| 650 | 1 | 4 |
_aMéxico (Edo.) _xCondiciones económicas. _976824 |
| 901 | _aBK | ||
| 942 | _cLIBRO | ||
| 949 |
_a323.35 P5 _bBC _cLIBRO _d33724000298584 _eLIBRO _h43895 _i55694 _mD _si |
||
| 999 |
_c50572 _d50572 |
||